Szczegóły MARC21

Jak rozwinąć swój potencjał : abyś był spełniony w życiu zawodowym i osobistym /

003 -Nazwa inst., której nr kontr. jest w polu 001 [,]
    • @
    • Nazwa instytucji, której n kontrolny jest w polu 001
    • NUKAT
005 -DATA I CZAS OSTATNIEJ MODYFIKACJI [,]
    • @
    • pole kontrolne
    • 20241231091648.0
020 -Międzynarod. znormalizowany nr książki - ISBN [ , ]
    • a
    • Numer ISBN
    • 9788380876262 Find
040 -Instytucja sporządzająca opis [ , ]
    • a
    • Instytucja, która sporządziła opis (NP)
    • KR U/ESL
    • b
    • Język katalogowania
    • pol
    • e
    • Zasady katalogowania
    • rda
    • c
    • Instytucja, która sporządziła rekord (NP)
    • KR U/ESL
    • d
    • Instytucja, która zmodyfikowała rekord (P)
    • POZN U/KaKs
    • d
    • Instytucja, która zmodyfikowała rekord (P)
    • WA M/AH
942 -Rodzaj dokumentu [ , ]
    • c
    • Rodzaj dokumentu
    • Książka
245 -Strefa tytułu i oznaczenia odpowiedzialności [0,0]
    • a
    • Tytuł
    • Jak rozwinąć swój potencjał : Find
    • b
    • Ciąg dalszy tytułu (NP)
    • abyś był spełniony w życiu zawodowym i osobistym / Find
    • c
    • Pozostałe elementy strefy tytułu i oznaczenia odpowiedzialności (NP)
    • redakcja Ewa Ossowska, Joanna Sabak, Anna Skrobiszewska.
260 -Strefa adresu wydawniczego [ , ]
    • a
    • Miejsce wydania (P)
    • Warszawa :
    • b
    • Nazwa wydawcy (P)
    • MT Biznes :
    • b
    • Nazwa wydawcy (P)
    • PII Polska,
    • c
    • Data wydania (P)
    • 2018.
300 -Strefa opisu fizycznego [ , ]
    • a
    • Określenie formy książki i/lub objętość (NP)
    • [6], 476, [6] stron :
    • b
    • Oznaczenie ilustracji (NP)
    • ilustracje ;
    • c
    • Format (NP)
    • 22 cm +
    • e
    • Oznaczenie dokumentu towarzyszącego (NP)
    • 1 dysk optyczny CD.
336 -Typ zawartości [ , ]
    • a
    • Termin opisujący typ zawartości
    • Tekst
    • b
    • Kod określający zawartość
    • txt
    • 2
    • Źródło (terminu i kodu)
    • rdacontent
336 -Typ zawartości [ , ]
    • a
    • Termin opisujący typ zawartości
    • Słowo mówione
    • b
    • Kod określający zawartość
    • spw
    • 2
    • Źródło (terminu i kodu)
    • rdacontent
337 -Typ mediów [ , ]
    • a
    • Tryb odtwarzania
    • Bez urządzenia pośredniczącego
    • b
    • Kod typu mediów
    • n
    • 2
    • Źródło (terminu i kodu)
    • rdamedia
337 -Typ mediów [ , ]
    • a
    • Tryb odtwarzania
    • Komputer
    • b
    • Kod typu mediów
    • c
    • 2
    • Źródło (terminu i kodu)
    • rdamedia
338 -Typ/rodzaj nośnika [ , ]
    • a
    • Hasło opisujące typ nośnika
    • Wolumin
    • b
    • Kod typu nośnika
    • nc
    • 2
    • Źródło (terminu i kodu)
    • rdacarrier
500 -Uwaga ogólna [ , ]
    • a
    • Uwaga ogólna (NP)
    • Na okładce i grzbiecie: Inspirujący kurs. Na stronie tytułowej i okładce: Książka + płyta audio.
504 -Uwaga dot. bibliogr. załącznikowej [ , ]
    • a
    • Uwaga dot. bibliografii załącznikowej
    • Bibliografia na stronach 466-473.
650 -Hasło przedmiotowe [ ,7]
    • a
    • Hasło przedmiotowe
    • Samorozwój
    • v
    • Określnik formalny
    • poradniki.
    • 2
    • Źródło terminu
    • kaba
    • 9
    • KHW
    • 379954
650 -Hasło przedmiotowe [ ,7]
    • a
    • Hasło przedmiotowe
    • Motywacja (psychologia)
    • v
    • Określnik formalny
    • poradniki.
    • 2
    • Źródło terminu
    • kaba
    • 9
    • KHW
    • 364502
650 -Hasło przedmiotowe [ ,7]
    • a
    • Hasło przedmiotowe
    • Rozwój osobowości
    • v
    • Określnik formalny
    • poradniki.
    • 2
    • Źródło terminu
    • kaba
    • 9
    • KHW
    • 381152
650 -Hasło przedmiotowe [ ,7]
    • a
    • Hasło przedmiotowe
    • Samorealizacja.
    • 2
    • Źródło terminu
    • kaba
    • 9
    • KHW
    • 129715
650 -Hasło przedmiotowe [ ,7]
    • a
    • Hasło przedmiotowe
    • Sukces
    • x
    • Określnik rzeczowy
    • aspekt psychologiczny
    • v
    • Określnik formalny
    • poradniki.
    • 2
    • Źródło terminu
    • kaba
    • 9
    • KHW
    • 366823
700 -Hasło dodatkowe - nazwa osobowa [1, ]
    • a
    • Nazwa osobowa (NP)
    • Sabak, Joanna. Find
    • e
    • Określenie rodzaju współpracy
    • Redakcja
    • 9
    • KHW
    • 494730
700 -Hasło dodatkowe - nazwa osobowa [1, ]
    • a
    • Nazwa osobowa (NP)
    • Skrobiszewska, Anna. Find
    • e
    • Określenie rodzaju współpracy
    • Redakcja
    • 9
    • KHW
    • 77188
700 -Hasło dodatkowe - nazwa osobowa [1, ]
    • a
    • Nazwa osobowa (NP)
    • Ossowska, Ewa. Find
    • e
    • Określenie rodzaju współpracy
    • Redakcja
    • 9
    • KHW
    • 496502
700 -Hasło dodatkowe - nazwa osobowa [1, ]
    • a
    • Nazwa osobowa (NP)
    • Stuhr, Jerzy Find
    • d
    • Daty biograficzne (NP)
    • (1947-2024).
    • e
    • Określenie rodzaju współpracy
    • Wykonanie
    • 9
    • KHW
    • 253586
700 -Hasło dodatkowe - nazwa osobowa [1, ]
    • a
    • Nazwa osobowa (NP)
    • Czubówna, Krystyna Find
    • d
    • Daty biograficzne (NP)
    • (1954- ).
    • e
    • Określenie rodzaju współpracy
    • Wykonanie
    • 9
    • KHW
    • 273795
700 -Hasło dodatkowe - nazwa osobowa [1, ]
    • a
    • Nazwa osobowa (NP)
    • Ferency, Adam Find
    • d
    • Daty biograficzne (NP)
    • (1951- ).
    • e
    • Określenie rodzaju współpracy
    • Wykonanie
    • 9
    • KHW
    • 493827
710 -Hasło dodatkowe - nazwa ciała zbiorowego [2, ]
    • a
    • Nazwa ciała zbiorowego lub nazwa geograficzna jako pierwszy element (NP)
    • MT Biznes.
    • e
    • Rodzaj współpracy
    • Wydawca
    • 4
    • Kod relacji
    • pbl
    • 9
    • KHW
    • 64165
920 -ISBN [ , ]
    • a
    • ISBN
    • 978-83-8087-626-2 Find
Data inwentaryzacji Lokalizacja Numer inwentarzowy Status udost.
2019-01-23TT.20609-2